| Tag |
First Indicator |
Second Indicator |
Subfields |
| LEADER |
00000cam a2200000 4500 |
| 001 |
in00000037311 |
| 005 |
20151007072319.0 |
| 008 |
740104s1925 nyuak 00010 eng u |
| 010 |
|
|
|a 26000019
|
| 035 |
|
|
|a (OCoLC)00770273
|
| 035 |
|
|
|9 AAE7643AM
|
| 040 |
|
|
|c YNG
|d TXA
|d UtOrBLW
|
| 049 |
|
|
|a TXAM
|c [374336]
|
| 050 |
|
0 |
|a TJ1255
|b .D6 1955
|
| 092 |
|
|
|a 621.9
|b D745te
|
| 100 |
1 |
|
|a Dowd, Albert Atkins,
|d 1872-
|
| 245 |
1 |
0 |
|a Tool engineering ;
|b punches, dies and gages /
|c by Albert A. Dowd ... and Frank W. Curtis ...
|
| 250 |
|
|
|a 1st. ed.
|
| 264 |
|
1 |
|a New York [etc.] :
|b McGraw-Hill book company, inc.,
|c 1925.
|
| 300 |
|
|
|a ix, 341 pages including illustrations, forms, diagrams ;
|c 24 cm.
|
| 336 |
|
|
|a text
|b txt
|2 rdacontent
|
| 337 |
|
|
|a unmediated
|b n
|2 rdamedia
|
| 338 |
|
|
|a volume
|b nc
|2 rdacarrier
|
| 650 |
|
0 |
|a Punching machinery.
|
| 650 |
|
0 |
|a Dies (Metal-working)
|
| 650 |
|
0 |
|a Gages.
|
| 700 |
1 |
|
|a Curtis, Frank W.
|
| 740 |
0 |
|
|a Punches, dies and gages.
|
| 999 |
|
|
|a MARS
|
| 999 |
f |
f |
|s a2e39407-0192-3105-a2dd-20198d5544b4
|i d635f130-9c67-3599-83f3-76d2cafa7aa5
|t 0
|
| 952 |
f |
f |
|p ric
|a Texas A&M University
|b Rellis Campus
|c Joint Library Facility
|d Remote Storage
|t 0
|e TJ1255 .D6 1955
|h Library of Congress classification
|i unmediated -- volume
|m A14801043113
|
| 998 |
f |
f |
|a TJ1255 .D6 1955
|t 0
|l Remote Storage
|